| 000 | 00470nam a22001697a 4500 | ||
|---|---|---|---|
| 005 | 20250516112027.0 | ||
| 008 | 250516b |||||||| |||| 00| 0 eng d | ||
| 020 | _a978-93-86056-90-0 | ||
| 082 | _a572.6 Q7 | ||
| 100 | _aPrem Prakash Gupta & Neelu Gupta | ||
| 245 | _aEssentials of Practical Biochemistry | ||
| 250 | _a1st | ||
| 260 |
_bJaypee The Health Sciences Publishers _c2017 |
||
| 650 |
_vOccupational Therapy _xBiochemistry |
||
| 942 | _cBK | ||
| 999 |
_c249163 _d249163 |
||